000 00991nam a2200301 i 4500
001 91944
003 ES-MaACL
005 20250604062538.0
007 t|
008 050309s2004 sp |||| | spa d
020 _a84-306-0516-9
080 _a316.344.32(460)"18/19":32
080 _a316.344.32(460)"18/19":304.9
080 _a94(460)"18/19"
100 1 _aJuliá, Santos,
_d1940-2019
_967236
245 1 0 _aHistorias de las dos Españas /
_cSantos Juliá.
260 _aMadrid :
_bTaurus,
_c[2004]
300 _a562 p. ;
_c24 cm.
490 1 _aTaurus historia
504 _aBibliografía: p. 463-545.
650 4 _aIntelectuales-
_zEspaña-
_xPensamiento político-
_vHistoria.
_9152937
650 4 _aIntelectuales-
_zEspaña-
_xPensamiento social-
_vHistoria.
_9163224
651 7 _aEspaña-
_xHistoria-
_yS.XIX
_2
_9142005
651 4 _aEspaña-
_xHistoria-
_yS.XX.
_9138832
830 0 _aTaurus historia
_9180684
852 _aES-MaACL
_jL-29004
999 _c91944
_d91944